000 01615cam a22003135a 4500
999 _c17393
_d17365
001 16169587
003 EG-ScBUE
005 20200111124252.0
008 100402s2011 enka f b 001 0 eng d
020 _a9780415564717 (pbk.)
040 _aEG-ScBUE
_beng
_erda
_cEG-ScBUE
_dEG-ScBUE
082 0 4 _a808.06665
_bBAI
_222
100 1 _aBailey, Stephen,
_d1947-
_eauthor.
_932948
245 1 0 _aAcademic writing for international students of business /
_cStephen Bailey.
250 _aFirst edition.
264 1 _aMilton Park, Abingdon ;
_aNew York :
_bRoutledge, Taylor and Francis Group,
_c2011.
300 _axviii, 317 pages :
_billustrations ;
_c25 cm
336 _2rdacontent
_atext
_btxt
337 _2rdamedia
_aunmediated
_bn
338 _2rdacarrier
_avolume
_bnc
500 _aIncludes index.
520 _aAcademic Writing in a Global Context addresses the issue of the pressure on academics worldwide to produce their work in English in scholarly publishing, and why the growth of the use of academic English matters. Drawing on an eight year 'text-ethnographic' study of the experiences of fifty scholars working in Europe, this book discusses these questions at both a macro and micro level - through discussions of knowledge evaluation systems on all levels, and analysis of the progress of a text towards publication. In addition to this, case studies of individual scholars.
590 _aMohamed.
650 7 _aAcademic writing.
_2BUEsh
_932950
650 7 _aBusiness writing.
_2BUEsh
_932951
653 _bHHUUEENN
_cMarch2013
_cJuly2019
655 _vReading book
942 _2ddc
_k808.06665 BAI
_cBB